Supply chain risk management : (Record no. 2262)

MARC details
000 -LEADER
fixed length control field 00769nam a2200205 a 4500
005 - DATE AND TIME OF LATEST TRANSACTION
control field 20260112063249.0
020 ## - INTERNATIONAL STANDARD BOOK NUMBER
International Standard Book Number 9780749453015
039 ## - LEVEL OF BIBLIOGRAPHIC CONTROL AND CODING DETAIL [OBSOLETE]
Level of rules in bibliographic description 202110111210
Level of effort used to assign nonsubject heading access points staff
Level of effort used to assign subject headings 201502101316
Level of effort used to assign classification staff
Level of effort used to assign subject headings 201212270016
Level of effort used to assign classification staff
Level of effort used to assign subject headings 201212050053
Level of effort used to assign classification staff
-- 201003160326
-- staff
082 ## - DEWEY DECIMAL CLASSIFICATION NUMBER
Classification number 658.7
Item number WAT [ Shelf 65 ]
100 ## - MAIN ENTRY--PERSONAL NAME
Personal name Waters, C. D. J.
Fuller form of name (C. Donald J.),
Dates associated with a name 1949-
245 ## - TITLE STATEMENT
Title Supply chain risk management :
Remainder of title vulnerability and resilience in logistics /
Statement of responsibility, etc. Donald Waters.
260 ## - PUBLICATION, DISTRIBUTION, ETC.
Place of publication, distribution, etc. London ;
-- Philadelphia :
Name of publisher, distributor, etc. Kogan Page,
Date of publication, distribution, etc. c2007.
300 ## - PHYSICAL DESCRIPTION
Extent 256p.
Dimensions 24cm.
500 ## - GENERAL NOTE
General note Includes index.
650 ## - SUBJECT ADDED ENTRY--TOPICAL TERM
Topical term or geographic name entry element Business logistics.
650 ## - SUBJECT ADDED ENTRY--TOPICAL TERM
Topical term or geographic name entry element Risk management.
991 ## -
-- VIRTUA40
991 ## -
-- VTLSSORT0080*0200*0820*1000*2450*2600*3000*5000*6500*6501*9992
909 ## -
-- 2361
Holdings
Withdrawn status Lost status Damaged status Not for loan Home library Current library Date acquired Total checkouts Full call number Barcode Copy number Koha item type
        Indian Institute Of Management, Shillong Indian Institute Of Management, Shillong 16/03/2010   658.7 WAT [ Shelf 65 ] 0007930   Reference
        Indian Institute Of Management, Shillong Indian Institute Of Management, Shillong 16/03/2010   658.7 WAT [ Shelf 65 ] 0007931 1 Book
Copyright © 2026 Indian Institute of Management Shillong. All Rights Reserved.